| 000 | 00468nam a2200157 4500 | ||
|---|---|---|---|
| 005 | 20260116152410.0 | ||
| 008 | 260109b |||||||| |||| 00| 0 eng d | ||
| 020 | _a978-0-241-34848-2 | ||
| 082 |
_aX 658.4012 DOE _bB12160 |
||
| 100 |
_aDoerr, John _9216299 |
||
| 245 |
_aMeasure What Matters _b:OKRs The Simple Idea That Drives 10x Growth |
||
| 260 |
_aNew Delhi _bPenguin Random House _c2018 |
||
| 300 |
_axiii,306p. _bpb |
||
| 365 |
_aRupaye _b618 _cINR |
||
| 942 | _cBK | ||
| 999 |
_c369843 _d369843 |
||